| 000 | 01223nam a22002535i 4500 | ||
|---|---|---|---|
| 001 | 165312 | ||
| 003 | ES-MaACL | ||
| 005 | 20250716062538.0 | ||
| 008 | 990701m18851897sp |||| | spa d | ||
| 040 |
_aGA _bspa _cCCPB | 3D |
||
| 100 | 1 |
_aShakespeare, William, _d1564-1616 _9105992 |
|
| 245 | 1 | 0 |
_aObras dramáticas de Guillermo Shakespeare / _cversión castellana de Guillermo Macpherson ; con un estudio preliminar de Eduardo Benot. |
| 260 |
_aMadrid : _bLibrería de la Viuda de Hernando y Ca., _c1885-1897 ( _fEstablecimiento Tipográfico "Sucesores de Rivadeneyra" : Imprenta de la Viuda de Hernando y Ca.) |
||
| 300 |
_a8 v. ; _c18 cm. |
||
| 490 | 1 |
_aBiblioteca clásica ; _v102, 166, 190, 195 y 201 |
|
| 500 | _aLos tomos I-III, Luis Navarro, editor. | ||
| 590 | _aDescripción basada en t. IV. | ||
| 596 | _aImp. de los t. IV, V y VII : Sucesores de Rivadeneyra ; y de los t. VI y VIII : Viuda de Hernando y Ca. | ||
| 700 | 0 |
_aBenot, Eduardo. _927763 |
|
| 700 | 1 |
_aMacpherson, William. _9129278 |
|
| 830 | 0 |
_aBiblioteca clásica ; _v102, 166, 190, 195 y 201 _9180370 |
|
| 852 |
_aES-MaACL _jF-13262-69 _z-- Enc. ed. en tela, excepto T. I y III en hol. _q-- T. III falto de port. |
||
| 999 |
_c165312 _d165312 |
||